00440nam a2200145 4500003000900000020001700009040002800026082001600054100001900070245005500089260003700144300002400181650006300205700002600268CO-ViMGA a978958302591 aCO-ViMGAbspacCO-ViMGA04aI574bW45 l1 aWilkes, Angela10aLitoralcAngela Wilkes, Juliana Ortiz, Joannah May aBogotá :bPanamericana,c2007. a32 p.bil, : 28 cm.14aCostas- descripción vLitoral- EnseñanzaxFauna Marina1 aJuliana Ortiz, eil,